Представление документа в формате RUSMARC

ПолеНазваниеЗначение
  Тип записи a
  Библиографический уровень m
001 Контрольный номер RU/ГПНТБ России/IBIS/84(2=411.2)6-44/П 56-239220155
005 Дата корректировки 20260617112211.6
010 Индекс ISBN __
a ISBN 978-5-08-007522-3
b Уточнения в пер.
9 Тираж 3000
100 Данные общей обработки __
a Данные общей обработки 20260617d2026 d y0rusy0250 ca
101 Язык документа 0_
a Язык текста rus
102 Страна публикации __
a Страна публикации RU
105 Кодированные данные (монография) __
a Кодированные данные (монография) a z 000zy
181 Поле кодированных данных: вид содержания _0
a Код вида содержания (ISBD) i
182 Поле кодированных данных: тип средства _0
a Код типа средства (ISBD) n
200 Заглавие и сведения об ответственности 1_
a Заглавие Горькие зерна
e Сведения, относящиеся к заглавию повесть
f Первые сведения об ответственности Елена Пономарёва
g Последующие сведения об ответственности иллюстрации П. Ерофеевой
203 Вид содержания и тип средства __
c Тип средства непосредственный
a Вид содержания Текст
210 Выходные данные 1_
a Место издания Москва
c Издательство Детская литература
d Дата издания 2026
215 Физическое описание __
a Объем 181, [1] с.
c Иллюстрации/тип воспроизводства ил.
d Формат 22 см
225 Серия 2_
a Серия Лауреаты Международного конкурса имени Сергея Михалкова
333 Примечание о целевом назначении __
a Примечание о целевом назначении информационная продукция для детей, достигших возраста двенадцати лет
333 Примечание о целевом назначении __
a Примечание о целевом назначении для детей среднего возраста, 9-14 лет
517 Другие варианты заглавия 1_
a Другие варианты заглавия Горькие зёрна
686 Индексы других классификаций __
2 Код системы rubbk
a Классификационный индекс 84(2=411.2)6-44
700 Автор _1
a Фамилия Пономарева
b Имя Е. А.
g Полное личное имя Елена Александровна
f Даты 1948-
4 Код отношения 070
702 Вторичная интеллектуальная ответственность _1
a Фамилия Ерофеева
b Имя П.
g Полное личное имя Полина
4 Код отношения 440
801 Источник записи _0
8 ARU
8 BРГДБ
8 C20251212
801 Источник записи _1
8 ARU
8 BРГДБ
8 C20251212
801 Источник записи _2
8 ARU
8 BРГДБ
8 C20260129
2 Код формата rusmarc
801 Источник записи _0
b Организация ГПНТБ России
a Страна RU
c Дата составления 20260617
801 Источник записи _1
b Организация ГПНТБ России
a Страна RU
c Дата составления 20260617
852 Данные о местонахождении 5_
a Наименование организации ГПНТБ России
m Суффикс шифра хранения 11106173
b Сигла хранения ЦГБ
p Инвентарный номер RU
899 Данные о местонахождении __
a Местонахождение ГПНТБ России
p Штрих-код 11106173
b Место хранения ЦГБ
h Классификационная часть РШ 84(2=411.2)6-44
i Авторский знак П 56
901 Тип документа __
a Ответственный заим.